书目信息 |
| 题名: |
Audition CC音频处理完全自学一本通
|
|
| 作者: | 张晨起 编著 | |
| 分册: | ||
| 出版信息: | 北京 电子工业出版社 2020.5 |
|
| 页数: | XI, 236页 | |
| 开本: | 26cm | |
| 丛书名: | ||
| 单 册: | ||
| 中图分类: | J618.9 | |
| 科图分类: | ||
| 主题词: | 音乐软件 | |
| 电子资源: | ||
| ISBN: | 978-7-121-38867-5 | |
| 000 | 01158nam0 2200253 45 | |
| 001 | 012001001329 | |
| 005 | 20130911100607.0 | |
| 010 | @a978-7-121-38867-5@dCNY79.90 | |
| 099 | @aCAL 012020053358 | |
| 100 | @a20200512d2020 em y0chiy0110 ea | |
| 101 | 0 | @achi |
| 102 | @aCN@b110000 | |
| 105 | @aa z 000yy | |
| 106 | @ar | |
| 200 | 1 | @aAudition CC音频处理完全自学一本通@AAudition CC yin pin chu li wan quan zi xue yi ben tong@f张晨起编著 |
| 210 | @a北京@c电子工业出版社@d2020.5 | |
| 215 | @aXI, 236页@c图@d26cm | |
| 330 | @a本书通过理论知识与操作案例相结合的方法, 向读者介绍了如何使用Audition CC进行各类音频设计。本书共分10章。第1章主要讲解音频编辑基础 ; 第2章主要讲解Audition CC基础知识: 第3章主要讲解音频的获取 ; 第4章主要讲解音频的剪辑 ; 第5章主要讲解音频的效果处理: 第6章主要讲解音频多轨基本操作 ; 第7章主要讲解音频后期混音处理, 第8章主要讲解如何使用Audlition插件和其他功能、第9章主要讲解音频的输出 ; 第10章通过讲解4个综合案例帮助读者深度理解所学内容。 | |
| 606 | 0 | @a音乐软件 |
| 610 | 0 | @aAudition CC |
| 690 | @aJ618.9@v5 | |
| 701 | 0 | @a张晨起@Azhang chen qi@4编著 |
| 801 | @aCN@b江苏凤凰@c20211018 | |
| 905 | @b1343080-3@dJ618.9@e1326@f4 | |
| Audition CC音频处理完全自学一本通/张晨起编著.-北京:电子工业出版社,2020.5 |
| XI, 236页:图;26cm |
| ISBN 978-7-121-38867-5:CNY79.90 |
| 本书通过理论知识与操作案例相结合的方法, 向读者介绍了如何使用Audition CC进行各类音频设计。本书共分10章。第1章主要讲解音频编辑基础 ; 第2章主要讲解Audition CC基础知识: 第3章主要讲解音频的获取 ; 第4章主要讲解音频的剪辑 ; 第5章主要讲解音频的效果处理: 第6章主要讲解音频多轨基本操作 ; 第7章主要讲解音频后期混音处理, 第8章主要讲解如何使用Audlition插件和其他功能、第9章主要讲解音频的输出 ; 第10章通过讲解4个综合案例帮助读者深度理解所学内容。 |
| ● |
| 相关链接 |
|
|
|
|
正题名:Audition CC音频处理完全自学一本通
索取号:J618.9/1326
 
预约/预借
| 序号 | 登录号 | 条形码 | 馆藏地/架位号 | 状态 | 备注 |
| 1 | 1343080 | 213430802 | 第一样本阅览室/ [索取号:J618.9/1326] | 在馆 | |
| 2 | 1343081 | 213430811 | 第一借阅区/ [索取号:J618.9/1326] | 在馆 | |
| 3 | 1343082 | 213430820 | 第一借阅区/ [索取号:J618.9/1326] | 在馆 | |
| 4 | 1343083 | 213430839 | 第一借阅区/ [索取号:J618.9/1326] | 在馆 |